| 000 | 00725nam a22002171 4500 | ||
|---|---|---|---|
| 001 | 20953 | ||
| 003 | CZ PrNK | ||
| 005 | 20260207113632.0 | ||
| 008 | 011116s1948 xo slo | ||
| 040 |
_aABA001 _bcze _cABA001 _dABA001 |
||
| 100 | 1 |
_aTajovský, Jozef Gregor, _d1874-1940 _4aut |
|
| 245 | 1 | 0 |
_aŽenský zákon : _bVeselohra v štyroch dejstvách / _cJozef Gregor-Tajovský [pseud.] |
| 250 | _aVyd. 4. | ||
| 260 |
_aV Turčiansk. Svät. Martine : _bÚstr. slov. ochot. div., _c1948 _e(Žilina : _fSlov. kníhtl.) |
||
| 300 |
_a87, 1 s. ; _c8° |
||
| 490 | 1 |
_aDivadelná knižnica ; _vSv. 49 |
|
| 500 | _aVl. jm. autora: Gregor, Jozef | ||
| 830 | 0 | _aDivadelná knižnica | |
| 910 | _aABA001 | ||
| 942 |
_2ddc _cKLDO _n0 |
||
| 999 |
_c20953 _d20953 |
||